| 000 | 00624nam a2200145 a 4500 | ||
|---|---|---|---|
| 001 | 000032789 | ||
| 005 | 20200930065832.0 | ||
| 008 | 110726s1942 dr 000 0 spa d | ||
| 040 |
_aDO-SdBNP _bspa _cBNPHU |
||
| 110 | 1 |
_aRepública Dominicana _9447 |
|
| 245 | 1 | 0 | _aInforme que la honorable cámara de cuentas de la República presenta al Congreso Nacional sobre las cuentas generales y particulares de la Nación y del Consejo Administrativo del Distrito de Santo Domingo. |
| 260 |
_aCiudad Trujillo, República Dominicana : _bImp. Listín Diario, _c1942. |
||
| 300 |
_a1v. Con varias paginaciones ; _c30 cm. |
||
| 049 | _aBNPD | ||
| 999 |
_c32280 _d32280 |
||